All Pokemon Abilities - Statistics

General Stats
  • This quiz has been taken 226 times
  • The average score is 136 of 266
Answer Stats
Gen Ability % Correct
3 Blaze
92%
3 Drizzle
92%
3 Torrent
92%
3 Intimidate
91%
3 Levitate
90%
3 Overgrow
90%
3 Drought
87%
3 Pressure
86%
3 Flame Body
85%
3 Static
84%
4 Snow Warning
83%
3 Sturdy
83%
3 Sand Stream
82%
3 Swift Swim
82%
3 Water Absorb
80%
3 Speed Boost
78%
3 Chlorophyll
76%
3 Clear Body
76%
4 Iron Fist
75%
5 Prankster
75%
5 Sand Rush
75%
3 Swarm
75%
3 Guts
74%
3 Rock Head
74%
3 Flash Fire
73%
3 Lightning Rod
73%
3 Run Away
73%
3 Thick Fat
73%
5 Moxie
72%
3 Poison Point
72%
6 Protean
72%
3 Sand Veil
72%
3 Truant
72%
3 Volt Absorb
72%
3 Wonder Guard
72%
4 Adaptability
70%
3 Huge Power
70%
4 Ice Body
70%
3 Pickup
70%
3 Soundproof
70%
3 Arena Trap
69%
3 Compound Eyes
69%
5 Cursed Body
69%
5 Iron Barbs
69%
3 Rain Dish
69%
7 Beast Boost
68%
3 Insomnia
68%
3 Rough Skin
68%
4 Sniper
68%
3 Cloud Nine
67%
5 Contrary
67%
3 Cute Charm
67%
3 Shadow Tag
67%
4 Slow Start
67%
3 Synchronize
67%
4 Technician
67%
4 No Guard
66%
6 Pixilate
66%
3 Shell Armor
66%
4 Solar Power
66%
3 Air Lock
65%
7 Grassy Surge
65%
3 Inner Focus
65%
4 Mold Breaker
65%
6 Strong Jaw
65%
3 Damp
64%
7 Electric Surge
64%
5 Regenerator
64%
7 Psychic Surge
63%
4 Magic Guard
62%
4 Poison Heal
62%
4 Aftermath
61%
3 Battle Armor
61%
3 Effect Spore
61%
3 Keen Eye
61%
5 Poison Touch
61%
4 Simple
61%
3 Limber
60%
3 Magma Armor
60%
3 Magnet Pull
60%
7 Misty Surge
60%
5 Multiscale
60%
4 Normalize
60%
5 Sheer Force
60%
5 Unnerve
60%
3 Serene Grace
59%
4 Snow Cloak
59%
4 Storm Drain
59%
4 Unaware
59%
4 Dry Skin
58%
4 Gluttony
58%
5 Magic Bounce
58%
3 Pure Power
58%
3 Trace
58%
5 Defiant
57%
4 Download
57%
6 Fairy Aura
57%
3 Hustle
57%
4 Klutz
57%
3 Oblivious
57%
4 Rivalry
57%
5 Heavy Metal
56%
5 Sand Force
56%
4 Tangled Feet
56%
5 Teravolt
56%
6 Aerilate
55%
5 Big Pecks
55%
6 Dark Aura
55%
6 Delta Stream
55%
6 Primordial Sea
55%
5 Sap Sipper
55%
5 Defeatist
54%
3 Immunity
54%
5 Justified
54%
8 Libero
54%
4 Reckless
54%
4 Scrappy
54%
3 Shed Skin
54%
6 Desolate Land
53%
5 Harvest
53%
5 Healer
53%
3 Minus
53%
5 Mummy
53%
3 Plus
53%
7 Slush Rush
53%
3 Stench
53%
6 Bulletproof
52%
6 Competitive
52%
6 Gale Wings
52%
3 Hyper Cutter
52%
3 Illuminate
52%
5 Imposter
52%
3 Liquid Ooze
52%
6 Magician
52%
3 Own Tempo
52%
6 Stance Change
52%
4 Anger Point
51%
5 Light Metal
51%
3 Natural Cure
51%
6 Tough Claws
51%
7 Corrosion
50%
7 Disguise
50%
7 Fluffy
50%
5 Infiltrator
50%
6 Mega Launcher
50%
4 Multitype
50%
5 Pickpocket
50%
4 Steadfast
50%
4 Super Luck
50%
5 Telepathy
50%
4 Unburden
50%
7 Emergency Exit
49%
6 Gooey
49%
4 Heatproof
49%
3 Marvel Scale
49%
4 Skill Link
49%
5 Turboblaze
49%
7 Comatose
48%
3 Early Bird
48%
6 Parental Bond
48%
4 Quick Feet
48%
6 Refrigerate
48%
3 Vital Spirit
48%
5 Weak Armor
48%
7 Wimp Out
48%
8 As One
47%
4 Bad Dreams
47%
8 Intrepid Sword
47%
4 Leaf Guard
47%
5 Moody
47%
4 Motor Drive
47%
7 Stamina
47%
3 Suction Cups
47%
3 Colour Change
46%
6 Fur Coat
46%
3 Shield Dust
46%
6 Aroma Veil
45%
6 Aura Break
45%
5 Illusion
45%
7 Long Reach
45%
3 Sticky Hold
45%
4 Anticipation
43%
6 Cheek Pouch
43%
8 Dauntless Shield
43%
3 Forecast
42%
4 Forewarn
42%
4 Frisk
42%
7 Liquid Voice
42%
3 Water Veil
42%
3 White Smoke
42%
4 Flower Gift
41%
6 Flower Veil
41%
4 Honey Gather
41%
7 Queenly Majesty
41%
4 Solid Rock
41%
7 Dancer
40%
7 Innards Out
40%
4 Stall
40%
4 Filter
39%
5 Friend Guard
39%
7 RKS System
39%
7 Steelworker
39%
7 Water Compaction
39%
7 Dazzling
38%
7 Full Metal Body
38%
5 Toxic Boost
38%
7 Battle Bond
37%
4 Hydration
37%
8 Gorilla Tactics
36%
7 Merciless
36%
7 Schooling
36%
5 Victory Star
36%
5 Flare Boost
35%
7 Shadow Shield
35%
7 Tangling Hair
35%
7 Battery
34%
8 Chilling Neigh
34%
5 Overcoat
34%
7 Receiver
34%
5 Zen Mode
34%
7 Stakeout
33%
5 Analytic
32%
7 Galvanize
32%
8 Neutralizing Gas
32%
7 Power of Alchemy
32%
7 Surge Surfer
32%
7 Water Bubble
32%
6 Grass Pelt
31%
8 Ball Fetch
30%
8 Dragon's Maw
30%
8 Grim Neigh
30%
8 Ice Scales
30%
7 Prism Armor
30%
5 Rattled
30%
4 Tinted Lense
30%
8 Ice Face
28%
8 Punk Rock
28%
7 Shields Down
27%
8 Transistor
27%
5 Wonder Skin
27%
6 Sweet Veil
26%
7 Berserk
25%
7 Neuroforce
25%
8 Steam Engine
25%
7 Triage
25%
8 Perish Body
24%
8 Steely Spirit
24%
8 Wandering Spirit
24%
8 Mirror Armor
23%
7 Power Construct
23%
7 Soul-Heart
23%
8 Sand Spit
22%
8 Stalwart
21%
8 Unseen Fist
21%
8 Pastel Veil
20%
8 Screen Cleaner
20%
8 Gulp Missile
18%
8 Ripen
18%
8 Power Spot
17%
8 Quick Draw
17%
6 Symbiosis
17%
8 Hunger Switch
16%
8 Cotton Down
15%
8 Propeller Tail
15%
8 Curious Medicine
14%
8 Mimicry
13%
No matching quizzes found
Score Distribution
Percent of People with Each Score
Percentile by Number Answered
Your Score History
You have not taken this quiz